000 00409nam a2200169 a 4500
001 0000-8797
003 ELIB.Books
008 110520 1996
035 _a(ELIB.Books)0000-8943
082 _aFic
_bKar
100 _aKaron, Jan
245 _aThese High, Green Hills
260 _bNew York: Penguin Books
_c1996
650 _aFiction
942 _2ddc
_cBK
998 _cbat
_e2011-05-20
999 _c8797
_d8797